<?xml version="1.0" encoding="UTF-8"?>
<record
    xmlns:xsi="http://www.w3.org/2001/XMLSchema-instance"
    xsi:schemaLocation="http://www.loc.gov/MARC21/slim http://www.loc.gov/standards/marcxml/schema/MARC21slim.xsd"
    xmlns="http://www.loc.gov/MARC21/slim">

  <leader>00498nam a2200157Ia 4500</leader>
  <controlfield tag="008">230718s9999    xx            000 0 und d</controlfield>
  <datafield tag="041" ind1=" " ind2=" ">
    <subfield code="a">eng</subfield>
  </datafield>
  <datafield tag="082" ind1=" " ind2=" ">
    <subfield code="a">362.196'748</subfield>
    <subfield code="b">ANA</subfield>
  </datafield>
  <datafield tag="100" ind1=" " ind2=" ">
    <subfield code="a">Anand G.</subfield>
    <subfield code="9">174556</subfield>
  </datafield>
  <datafield tag="245" ind1=" " ind2=" ">
    <subfield code="a">Cure:</subfield>
    <subfield code="b">How A Father Raised </subfield>
    <subfield code=" ">100 Million And Bucked The Medical Establishment In A Quest To Save His Children</subfield>
  </datafield>
  <datafield tag="260" ind1=" " ind2=" ">
    <subfield code="c">2010</subfield>
    <subfield code="b">Harper</subfield>
  </datafield>
  <datafield tag="300" ind1=" " ind2=" ">
    <subfield code="a">341</subfield>
  </datafield>
  <datafield tag="365" ind1=" " ind2=" ">
    <subfield code="c">Rs.</subfield>
    <subfield code="b">491.00</subfield>
  </datafield>
  <datafield tag="700" ind1=" " ind2=" ">
    <subfield code="a">Anand G.</subfield>
    <subfield code="9">174556</subfield>
  </datafield>
  <datafield tag="906" ind1=" " ind2=" ">
    <subfield code="d">O:0118619-Oct-2010B:559629-Oct-2010</subfield>
    <subfield code="c">COMP</subfield>
    <subfield code="b">122.75</subfield>
  </datafield>
  <datafield tag="999" ind1=" " ind2=" ">
    <subfield code="c">326061</subfield>
    <subfield code="d">326061</subfield>
  </datafield>
  <datafield tag="952" ind1=" " ind2=" ">
    <subfield code="0">0</subfield>
    <subfield code="1">0</subfield>
    <subfield code="4">0</subfield>
    <subfield code="7">0</subfield>
    <subfield code="a">CCEP</subfield>
    <subfield code="b">CCEP</subfield>
    <subfield code="d">2010-10-19</subfield>
    <subfield code="e">Tbs</subfield>
    <subfield code="f">COMP</subfield>
    <subfield code="g">368.25</subfield>
    <subfield code="i">5596</subfield>
    <subfield code="l">0</subfield>
    <subfield code="o">362.196'748</subfield>
    <subfield code="p">CCEP-BK-37268</subfield>
    <subfield code="r">2023-07-18 00:00:00</subfield>
    <subfield code="t">122.75</subfield>
    <subfield code="v">491.00</subfield>
    <subfield code="w">2010-10-29</subfield>
    <subfield code="y">BK</subfield>
    <subfield code="z">037268</subfield>
  </datafield>
</record>
